000 00509nam a2200181Ia 4500
003 IN-BaIIA
008 211028s9999 xx 000 0 eng d
020 _a81-224-1190-8
040 _cIIA Library
080 _a539.2
_bPIL
100 _aPillai, S. O
_923332
245 0 _aSolid state physics
_cS. O. Pillai
250 _a3rd ed.
260 _aNew Delhi
_bNew Age International
_c1999
300 _axx, 676p.
650 _aSolid state physics
942 _cBK
999 _c13274
_d13274